000 00711nam a2200289Ia 4500
005 20260324141052.0
008 008 260324s9999 xx 000 0 eng d
020 _a9781315243849
037 _aEBOOK
040 _aCRL
040 _beng
040 _cCRL
041 _2eng
041 _aeng
084 _qCRL
100 _aMark Tyler; Howard Abbott
_91206804
245 0 _aSafer by Design
245 2 _bA Guide to the Management and Law of Designing for Product Safety
260 _bTaylor and Francis
260 _c1997
365 _a
365 _b230
856 _uhttp://www.taylorfrancis.com/books/9781315243849
942 _cEBOOK
999 _c1809495
_d1809495